1 step forward, 3 steps back - Olivia Rodrigo (All Lyrics) - Statistics

General Stats
  • This quiz has been taken 54 times
  • The average score is 228 of 257
Answer Stats
Lyrics % Correct
a
100%
I
100%
on
100%
the
100%
you
100%
You
100%
you,
100%
Do
97%
do
97%
me
97%
me,
97%
me?
97%
and
94%
And
94%
back
94%
did
94%
forward
94%
No,
94%
one
94%
step
94%
steps
94%
three
94%
to
94%
All
91%
all
91%
always
91%
ask
91%
boy
91%
boy?
91%
Boy,
91%
hate
91%
how
91%
it
91%
it's
91%
It's
91%
Just
91%
life
91%
love
91%
of
91%
so
91%
some
91%
want
91%
don't
89%
I'm
89%
make
89%
understand
89%
was
89%
were
89%
your
89%
but
86%
Called
86%
forth,
86%
mad
86%
phone
86%
something
86%
that
86%
today
86%
today?
86%
until
86%
wrong?
86%
Like,
83%
normally
83%
say
83%
speak
83%
in
80%
or
80%
over
80%
up
80%
am
77%
Am
77%
'Cause
77%
I'd
77%
Somehow,
77%
still
77%
this
77%
way
77%
ever
74%
fun,
74%
get
74%
got
74%
I've
74%
kinda
74%
maybe
74%
much
74%
power
74%
said
74%
crying?
71%
door
71%
doubted
71%
everything
71%
find
71%
going
71%
had
71%
head,
71%
is
71%
nerve
71%
which
71%
will
71%
Will
71%
exciting
69%
fucked
69%
give
69%
home
69%
leave
69%
myself
69%
Never
69%
pretty?
69%
struck
69%
walk
69%
fault
66%
lover
66%
send
66%
stuff
66%
rollercoaster's
63%
Yeah,
63%
masochistic
54%
instead
51%
No matching quizzes found
Score Distribution
Percent of People with Each Score
Percentile by Number Answered
Your Score History
You have not taken this quiz